Statistics for Countries Shapes in Birthday Cake - 19th Birthday Special

Click here to take the quiz!

General Stats

  • This quiz has been taken 40 times
  • The average score is 11 of 19

Answers on the Map

Answers color-coded by a green-red scale on the quiz's map according to % correct below.
 

Answer Stats

Country% Correct
Argentina
94%
Albania
74%
Cuba
74%
Poland
71%
Costa Rica
68%
New Zealand
68%
Sweden
68%
United States
62%
Sri Lanka
56%
Ecuador
53%
Cambodia
50%
United Kingdom
47%
Uruguay
47%
Burundi
44%
Burkina Faso
41%
Zimbabwe
41%
Nauru
38%
Solomon Islands
32%
Timor Leste
32%

Score Distribution

Percentile by Number Answered

Percent of People with Each Score

Your Score History

You have not taken this quiz